| 000 | 00354 a2200157 4500 | ||
|---|---|---|---|
| 001 | 60148 | ||
| 020 | _a8526225154 | ||
| 040 | _cAnchieta - Pituba | ||
| 100 | _aCordi, Cassiano | ||
| 240 | 1 | 0 |
_aPara filosofar _lpor |
| 245 | 1 | 0 | _aPara filosofar |
| 300 | _a222 | ||
| 362 | 0 | _a1999 | |
| 650 | 4 | _aEducação, pesquisa e tópicos relacionados | |
| 942 | _cBK | ||
| 999 |
_c60148 _d60148 |
||